000 01020nam a2200289Ia 4500
005 20260324143007.0
008 008 260324s9999 xx 000 0 eng d
020 _a9781351270809
037 _aEBOOK
040 _aCRL
040 _beng
040 _cCRL
041 _2eng
041 _aeng
084 _qCRL
100 _aJacques Buffle; Herman P. van Leeuwen; Garrison Sposito; John F McCarthy; C. Xhoffer; Rene Van Grieken; William Davison; Richard R. De Vitre; Peter Schurtenberger; Barry T. Hart; C.T. Johnston; W.L. Earl; Meredith E. Newman; Laurent Charlet; Alain Manceau; Ronald G. Beckett; Claude Deguelde; Charles R. O'Melia; Christine L. Tiller; George A. Jackson; Steve Lochmann
_91214001
245 0 _aRevival: Environmental Particles (1993)
245 0 _bVolume 2
260 _bTaylor and Francis
260 _c1993
365 _a
365 _b270
856 _uhttp://www.taylorfrancis.com/books/9781351270809
942 _cEBOOK
999 _c1818851
_d1818851